Estudios sobre historia y ambiente en América : Argentina, Bolivia, México Paraguay /

محفوظ في:
التفاصيل البيبلوغرافية
المؤلف الرئيسي: García Martínez, Bernardo (comp.)
مؤلفون آخرون: González Jácome, Alba (compilación) (compilación)
التنسيق: كتاب
اللغة:الإسبانية
منشور في: México : El Colegio de México : Instituto Panamericano de Geografía e Historia, 1999, c1999
الموضوعات:
الوسوم: إضافة وسم
لا توجد وسوم, كن أول من يضع وسما على هذه التسجيلة!

MARC

LEADER 00000nam^a2200000^a^4500
001 000181732
005 20250521000000.0
009 20260310101942.74
020 |a 968-6384-39-1 
037 |a Acervo ITESO - Biblioteca 
041 |a ESP 
082 |a 333. 70980  |b EST V. 1 
100 |a García Martínez, Bernardo  |e (comp.) 
240 1 1 |a [Estudios sobre historia y ambiente en América] 
245 1 0 |a Estudios sobre historia y ambiente en América :  |b Argentina, Bolivia, México Paraguay /  |c Comp. de B. García Martínez, A. González Jácome. 
264 4 |a México :  |b El Colegio de México :  |b Instituto Panamericano de Geografía e Historia,  |c 1999, c1999 
300 |a VIII, 296 p. 
336 |a texto  |b txt  |2 rdacontenido 
337 |a sin mediación  |b n  |2 rdamedio 
338 |a volumen  |b nc  |2 rdasoporte 
649 |a XX 
650 |a Agua -  |x Abastecimiento 
650 |a Desertización 
650 |a Zonas Urbanas 
650 |a Conservación y Protección Ambiental 
650 |a Impacto Ambiental 
650 |a Ecología -  |z América -  |x Historia 
650 |a Medio Ambiente -  |z América -  |x Historia 
650 |a América -  |x Historia 
700 |a González Jácome, Alba  |e (compilación) 
910 |a Fondo General 
920 |a Impresos - Libros 
930 |a Colección General 
905 |a 101 
901 |a 0500121594  |b IT1  |c ACC  |u 20250521 
902 |a https://opac.biblio.iteso.mx/vufind/Record/000181732